Tilastot visalle Valtatie 6 -kunnat

Klikkaa tästä pelataksesi tätä visaa!

Yleistilastot

  • Tätä visaa on pelattu 40 kertaa
  • Keskiarvotulos 16 / 17

Vastaustilastot

% Oikein
Imatra
100%
Joensuu
100%
Kajaani
100%
Kouvola
100%
Lappeenranta
100%
Nurmes
100%
Ruokolahti
100%
Kitee
97%
Parikkala
97%
Rautjärvi
97%
Juuka
94%
Sotkamo
94%
Kontiolahti
92%
Tohmajärvi
92%
Luumäki
89%
Loviisa
86%
Lapinjärvi
69%

Tulosjakauma

Persentiili vastausten määrän mukaan

Jokaisen tuloksen saaneiden osuus

Tuloshistoriasi

Et ole pelannut tätä visaa